Music Quiz

Random Music or Song Quiz

Linkin Park Lyrics Quiz Stats

 Plays Quiz not verified by Sporcle

Support Sporcle.
Go Orange.
Score 0/19 Timer 11:00
0 Plays Today
Lyric Song % Correct
I've put my trust in you; pushed as far as I can goIn The End
95.2%
This is not the end, this is not the beginningWaiting For The End
75.3%
I'm so sick of the tension, sick of the hungerA Place For My Head
70.2%
I start again; and whatever pain may comeWhat I've Done
69.2%
Paper bags and angry voices; under a sky of dust Runaway
65.8%
Discomfort, endlessly has pulled itself upon meCrawling
65.4%
When you were standing in the wake of devastationIridescent
64%
I won't waste myself on youFrom The Inside
60.6%
Do you tell yourself I don't realiseNo More Sorrow
57.9%
I've let myself become youFigure.09
57.2%
Lyric Song % Correct
There's a place so dark you can't see the end Forgotten
55.8%
I'm losing what I don't deserveBurning In The Skies
54.5%
F**k it are you listening?Blackout
52.7%
I know I'll never trust a single thing you sayHit The Floor
52.4%
Alone with all your secrets and regretsIn Pieces
51.4%
Looking for hope somehow, somewhereGiven Up
49.7%
Just washing it aside; all of the helplessness insideEasier To Run
47.9%
You say the weight of the world has kept you from letting goRobot Boy
45.9%
He's pulling his weapon to his side loading it full of his goodbyes Across The Line
33.2%

You're not logged in!

Compare scores with friends on all Sporcle quizzes.
OR
Log In
Remove Ads.
Support Sporcle.
Get the best of Sporcle when you Go Orange. This ad-free experience offers more features, more stats, and more fun while also helping to support Sporcle. Thank you for becoming a member.

Show Comments

Extras

Top Quizzes Today


Score Distribution

Your Account Isn't Verified!

In order to create a playlist on Sporcle, you need to verify the email address you used during registration. Go to your Sporcle Settings to finish the process.

Report this User

Report this user for behavior that violates our Community Guidelines.

Details: